500 Biggest Cities in the World - Statistics

General Stats
  • This quiz has been taken 62 times
    11 since last reset
  • The average score is 304 of 500
Answer Stats
Rank Country City Population % Correct
8 Mexico Ciudad de México 25,400,000
100%
4 India Delhi 35,700,000
100%
1 China Guăngzhōu 72,700,000
100%
5 Indonesia Jakarta 29,500,000
100%
6 Philippines Manila 27,800,000
100%
7 India Mumbai 27,600,000
100%
2 China Shànghăi 41,600,000
100%
3 Japan Tōkyō 41,200,000
100%
49 India Ahmadābād 9,900,000
88%
87 Egypt Al-Iskandariyah 6,250,000
88%
11 Egypt Al-Qāhirah 22,800,000
88%
15 China Bĕijīng 21,500,000
88%
105 Brazil Belo Horizonte 5,300,000
88%
30 India Bengaluru 14,700,000
88%
45 Colombia Bogotá 10,600,000
88%
151 Brazil Brasília 3,850,000
88%
243 Congo (Rep.) Brazzaville 2,475,000
88%
139 Korea (South) Busan 3,975,000
88%
210 Philippines Cebu 2,800,000
88%
36 India Chennai 12,900,000
88%
63 United States of America Dallas 7,800,000
88%
10 Bangladesh Dhaka 23,100,000
88%
72 Vietnam Hà Nội 7,350,000
88%
326 Japan Hiroshima 1,870,000
88%
69 China Hong Kong 7,500,000
88%
73 United States of America Houston 7,200,000
88%
40 India Hyderābād 11,700,000
88%
243 Pakistan Hyderābād 2,475,000
88%
125 India Jaipur 4,525,000
88%
17 Pakistan Karāchi 21,000,000
88%
25 Congo (Dem. Rep.) Kinshasa 16,300,000
88%
20 India Kolkata 17,900,000
88%
13 Thailand Krung Thep 21,800,000
88%
31 Pakistan Lāhore 14,600,000
88%
326 Bolivia La Paz 1,870,000
88%
22 United States of America Los Angeles 17,100,000
88%
129 Colombia Medellín 4,350,000
88%
46 Japan Nagoya 10,500,000
88%
21 Japan Ōsaka 17,700,000
88%
119 United States of America Phoenix 4,950,000
88%
402 Portugal Porto 1,550,000
88%
144 Brazil Porto Alegre 3,950,000
88%
60 India Pune 8,000,000
88%
34 Brazil Rio de Janeiro 13,600,000
88%
178 Yemen Ṣan'ā' 3,275,000
88%
252 United States of America San Antonio 2,400,000
88%
182 United States of America San Diego 3,200,000
88%
69 United States of America San Francisco 7,500,000
88%
12 Brazil São Paulo 22,600,000
88%
239 Japan Sapporo 2,500,000
88%
127 United States of America Seattle 4,475,000
88%
9 Korea (South) Seoul 25,200,000
88%
95 Indonesia Surabaya 5,950,000
88%
48 Taiwan (Rep. of China) Taibei 10,100,000
88%
449 Morocco Tanger 1,410,000
88%
33 Vietnam Thành Phố Hồ Chí Minh 14,300,000
88%
38 China Wŭhàn 12,600,000
88%
75 Ivory Coast Abidjan 7,050,000
75%
189 Nigeria Abuja 3,050,000
75%
331 United Arab Emirates Abū Ẓaby 1,850,000
75%
79 Ghana Accra 6,800,000
75%
227 Qatar Ad-Dawḥah 2,650,000
75%
121 Ethiopia Adis Abeba 4,825,000
75%
361 Iraq Al-Baṣrah 1,710,000
75%
73 Sudan Al-Kharṭūm 7,200,000
75%
408 Saudi Arabia Al-Madīnah 1,530,000
75%
398 Bahrain Al-Manāmah 1,560,000
75%
88 Jordan Ammān 6,150,000
75%
233 Netherlands Amsterdam 2,575,000
75%
108 Turkey Ankara 5,200,000
75%
496 Belgium Antwerpen 1,270,000
75%
65 Saudi Arabia Ar-Riyāḍ 7,700,000
75%
386 Kazakhstan Astana 1,600,000
75%
256 Paraguay Asunción 2,350,000
75%
159 Greece Athínai 3,575,000
75%
88 United States of America Atlanta 6,150,000
75%
408 New Zealand Auckland 1,530,000
75%
270 United States of America Austin 2,250,000
75%
63 Iraq Baghdād 7,800,000
75%
98 Mali Bamako 5,700,000
75%
76 Indonesia Bandung 7,000,000
75%
368 Central African Republic Bangui 1,680,000
75%
120 Spain Barcelona 4,875,000
75%
253 Colombia Barranquilla 2,375,000
75%
319 Lebanon Bayrūt 1,930,000
75%
277 Brazil Belém 2,200,000
75%
443 Serbia Beograd 1,430,000
75%
123 Germany Berlin 4,700,000
75%
214 India Bhopāl 2,750,000
75%
407 Kyrgyzstan Biškek 1,540,000
75%
65 United States of America Boston 7,700,000
75%
274 Romania București 2,225,000
75%
236 Hungary Budapest 2,525,000
75%
23 Argentina Buenos Aires 16,800,000
75%
196 Colombia Cali 2,975,000
75%
113 South Africa Cape Town 5,100,000
75%
151 Venezuela Caracas 3,850,000
75%
128 Morocco Casablanca 4,450,000
75%
227 United States of America Charlotte 2,650,000
75%
19 China Chéngdū 18,100,000
75%
51 United States of America Chicago 9,600,000
75%
114 Bangladesh Chittagong 5,050,000
75%
36 China Chóngqìng 12,900,000
75%
118 Sri Lanka Colombo 4,975,000
75%
196 Guinea Conakry 2,975,000
75%
173 Brazil Curitiba 3,375,000
75%
218 Korea (South) Daegu 2,725,000
75%
134 Senegal Dakar 4,225,000
75%
103 China Dàlián 5,400,000
75%
83 Tanzania Dar es Salaam 6,650,000
75%
149 United States of America Denver 3,875,000
75%
139 Syria Dimashq 3,975,000
75%
94 United Arab Emirates Dubayy 6,050,000
75%
146 South Africa Durban 3,900,000
75%
496 Tajikistan Dušanbe 1,270,000
75%
130 Algeria El Djazaïr 4,325,000
75%
136 Pakistan Faisalābād 4,125,000
75%
154 Brazil Fortaleza 3,825,000
75%
180 Germany Frankfurt am Main 3,225,000
75%
447 Sierra Leone Freetown 1,420,000
75%
206 Japan Fukuoka 2,850,000
75%
122 China Fúzhōu 4,775,000
75%
267 Palestinian Territories Ghazzah 2,275,000
75%
361 Great Britain Glasgow 1,710,000
75%
95 Mexico Guadalajara 5,950,000
75%
101 China Hā'ĕrbīn 5,550,000
75%
306 Syria Ḥalab 1,980,000
75%
202 Germany Hamburg 2,900,000
75%
31 China Hángzhōu 14,600,000
75%
224 Zimbabwe Harare 2,675,000
75%
398 Finland Helsinki 1,560,000
75%
155 India Indore 3,750,000
75%
26 Turkey İstanbul 16,000,000
75%
192 Turkey İzmir 3,025,000
75%
288 United States of America Jacksonville 2,125,000
75%
144 Saudi Arabia Jiddah 3,950,000
75%
29 South Africa Johannesburg 14,800,000
75%
107 Afghanistan Kābul 5,250,000
75%
131 Uganda Kampala 4,300,000
75%
104 Nigeria Kano 5,350,000
75%
310 Rwanda Kigali 1,960,000
75%
342 Denmark København 1,800,000
75%
52 Malaysia Kuala Lumpur 9,550,000
75%
79 China Kūnmíng 6,800,000
75%
162 Ukraine Kyïv 3,475,000
75%
16 Nigeria Lagos 21,300,000
75%
283 Cuba La Habana 2,150,000
75%
39 Peru Lima 12,000,000
75%
239 Portugal Lisboa 2,500,000
75%
230 Togo Lomé 2,625,000
75%
28 Great Britain London 15,100,000
75%
489 China Lù'ān 1,300,000
75%
50 Angola Luanda 9,650,000
75%
134 India Lucknow 4,225,000
75%
194 Zambia Lusaka 3,000,000
75%
82 Spain Madrid 6,700,000
75%
224 Saudi Arabia Makkah 2,675,000
75%
453 Nicaragua Managua 1,400,000
75%
93 Great Britain Manchester 6,100,000
75%
233 Mozambique Maputo 2,575,000
75%
208 Venezuela Maracaibo 2,825,000
75%
361 France Marseille 1,710,000
75%
380 Oman Masqaṭ 1,620,000
75%
133 Indonesia Medan 4,250,000
75%
108 Australia Melbourne 5,200,000
75%
474 United States of America Melbourne 1,350,000
75%
455 Mexico Mérida 1,390,000
75%
86 United States of America Miami 6,300,000
75%
88 Italy Milano 6,150,000
75%
316 Liberia Monrovia 1,940,000
75%
88 Mexico Monterrey 6,150,000
75%
126 Canada Montréal 4,500,000
75%
18 Russia Moskva 18,800,000
75%
262 Germany München 2,300,000
75%
270 Somalia Muqdisho 2,250,000
75%
53 China Nánjīng 9,500,000
75%
101 China Nánníng 5,550,000
75%
138 Italy Napoli 4,050,000
75%
372 United States of America Nashville 1,650,000
75%
13 United States of America New York 21,800,000
75%
408 Niger Niamey 1,530,000
75%
149 United States of America Orlando 3,875,000
75%
496 Norway Oslo 1,270,000
75%
455 Canada Ottawa 1,390,000
75%
42 France Paris 11,500,000
75%
256 Australia Perth 2,350,000
75%
283 Pakistan Peshāwar 2,150,000
75%
69 United States of America Philadelphia 7,500,000
75%
249 United States of America Portland 2,425,000
75%
131 Mexico Puebla 4,300,000
75%
192 Korea (North) P'yŏngyang 3,025,000
75%
288 Morocco Rabat 2,125,000
75%
100 Pakistan Rāwalpindi 5,600,000
75%
137 Brazil Recife 4,100,000
75%
415 Argentina Rosario 1,510,000
75%
165 Netherlands Rotterdam 3,450,000
75%
288 United States of America Sacramento 2,125,000
75%
171 Brazil Salvador 3,400,000
75%
247 Costa Rica San José 2,450,000
75%
390 El Salvador San Salvador 1,580,000
75%
310 Bolivia Santa Cruz 1,960,000
75%
56 Chile Santiago 8,400,000
75%
146 Dominican Republic Santo Domingo 3,900,000
75%
60 Singapore Singapore 8,000,000
75%
260 Sweden Stockholm 2,325,000
75%
58 India Sūrat 8,050,000
75%
111 Australia Sydney 5,150,000
75%
114 United States of America Tampa 5,050,000
75%
326 Libya Ṭarābulus 1,870,000
75%
443 Georgia Tbilisi 1,430,000
75%
23 Iran Tehrān 16,800,000
75%
194 Israel Tel Aviv-Yafo 3,000,000
75%
40 China Tiānjīn 11,700,000
75%
262 Mexico Tijuana 2,300,000
75%
388 Italy Torino 1,590,000
75%
62 Canada Toronto 7,850,000
75%
218 Tunisia Tūnis 2,725,000
75%
383 Mongolia Ulaanbaatar 1,610,000
75%
117 China Ürümqi 5,000,000
75%
184 Canada Vancouver 3,175,000
75%
243 Poland Warszawa 2,475,000
75%
55 United States of America Washington 8,650,000
75%
27 China Xiàmén 15,400,000
75%
35 China Xī'ān 13,400,000
75%
139 Cameroon Yaoundé 3,975,000
75%
412 Armenia Yerevan 1,520,000
75%
47 China Zhèngzhōu 10,300,000
75%
434 Australia Adelaide 1,450,000
63%
114 Kuwait Al-Kuwayt 5,050,000
63%
221 Kazakhstan Almaty 2,700,000
63%
402 Iraq Al-Mawṣil 1,550,000
63%
256 China Ānshān 2,350,000
63%
186 Madagascar Antananarivo 3,150,000
63%
346 Nigeria Benin City 1,790,000
63%
139 Great Britain Birmingham 3,975,000
63%
165 Australia Brisbane 3,450,000
63%
210 Belgium Bruxelles 2,800,000
63%
415 Canada Calgary 1,510,000
63%
179 Brazil Campinas 3,250,000
63%
214 India Chandīgarh 2,750,000
63%
108 China Chángchūn 5,200,000
63%
42 China Chángshā 11,500,000
63%
390 Ukraine Charkiv 1,580,000
63%
210 United States of America Cincinnati 2,800,000
63%
173 Guatemala Ciudad de Guatemala 3,375,000
63%
443 Panama Ciudad de Panamá 1,430,000
63%
189 United States of America Cleveland 3,050,000
63%
333 United States of America Columbus 1,830,000
63%
338 Argentina Córdoba 1,810,000
63%
415 Korea (South) Daejeon 1,510,000
63%
421 Vietnam Đà Nẵng 1,500,000
63%
361 Philippines Davao 1,710,000
63%
97 United States of America Detroit 5,750,000
63%
455 Ukraine Donec'k 1,390,000
63%
402 Ireland Dublin 1,550,000
63%
432 Canada Edmonton 1,460,000
63%
168 Iran Eṣfahān 3,425,000
63%
486 Morocco Fès 1,310,000
63%
214 Taiwan (Rep. of China) Gaoxiong 2,750,000
63%
298 Malaysia George Town 2,075,000
63%
236 Brazil Goiânia 2,525,000
63%
105 China Guìyáng 5,300,000
63%
57 China Héféi 8,200,000
63%
171 Nigeria Ibadan 3,400,000
63%
294 United States of America Indianapolis 2,100,000
63%
81 China Jìnán 6,750,000
63%
298 United States of America Kansas City 2,075,000
63%
184 Nepal Kathmandu 3,175,000
63%
398 Russia Kazan' 1,560,000
63%
371 India Kochi 1,660,000
63%
202 Ghana Kumasi 2,900,000
63%
159 China Lánzhōu 3,575,000
63%
280 Great Britain Leeds 2,175,000
63%
482 France Lille 1,320,000
63%
124 China Línyí 4,650,000
63%
204 Congo (Dem. Rep.) Lubumbashi 2,875,000
63%
155 China Luòyáng 3,750,000
63%
301 France Lyon 2,050,000
63%
342 Indonesia Makassar 1,800,000
63%
267 Brazil Manaus 2,275,000
63%
386 Myanmar Mandalay 1,600,000
63%
162 Iran Mashhad 3,475,000
63%
239 Congo (Dem. Rep.) Mbuji-Mayi 2,500,000
63%
180 United States of America Minneapolis 3,225,000
63%
294 Belarus Minsk 2,100,000
63%
465 Kenya Mombasa 1,370,000
63%
338 Uruguay Montevideo 1,810,000
63%
159 India Nāgpur 3,575,000
63%
78 Kenya Nairobi 6,900,000
63%
111 China Nánchāng 5,150,000
63%
162 China Nántōng 3,475,000
63%
470 Brazil Natal 1,360,000
63%
314 Chad Ndjamena 1,950,000
63%
68 China Níngbō 7,600,000
63%
421 Mauritania Nouakchott 1,500,000
63%
375 Algeria Oran 1,640,000
63%
168 Burkina Faso Ouagadougou 3,425,000
63%
346 Indonesia Palembang 1,790,000
63%
302 United States of America Pittsburgh 2,025,000
63%
189 Haiti Port-au-Prince 3,050,000
63%
270 Nigeria Port Harcourt 2,250,000
63%
65 China Qīngdăo 7,700,000
63%
204 Ecuador Quito 2,875,000
63%
44 Germany Rhein-Ruhr 10,900,000
63%
168 Italy Roma 3,425,000
63%
455 Russia Rostov]-na-Donu 1,390,000
63%
227 United States of America Salt Lake City 2,650,000
63%
474 Russia Samara 1,350,000
63%
321 Puerto Rico San Juan 1,910,000
63%
288 Indonesia Semarang 2,125,000
63%
415 Japan Sendai 1,510,000
63%
489 Spain Sevilla 1,300,000
63%
58 China Shàntóu 8,050,000
63%
54 China Shĕnyáng 8,800,000
63%
84 China Shíjiāzhuāng 6,450,000
63%
314 Iran Shīrāz 1,950,000
63%
260 United States of America St. Louis 2,325,000
63%
262 Germany Stuttgart 2,300,000
63%
88 China Tàiyuán 6,150,000
63%
208 Taiwan (Rep. of China) Taizhong 2,825,000
63%
151 Uzbekistan Toshkent 3,850,000
63%
294 Venezuela Valencia 2,100,000
63%
316 Spain València 1,940,000
63%
76 China Wēnzhōu 7,000,000
63%
253 Austria Wien 2,375,000
63%
186 China Xúzhōu 3,150,000
63%
99 Myanmar Yangon 5,650,000
63%
346 Indonesia Yogyakarta 1,790,000
63%
349 Turkey Adana 1,780,000
50%
199 Saudi Arabia Ad-Dammām 2,925,000
50%
230 India Āgra 2,625,000
50%
402 Iran Ahvāz 1,550,000
50%
412 India Amritsar 1,520,000
50%
298 India Aurangābād 2,075,000
50%
274 China Băodìng 2,225,000
50%
470 Venezuela Barquisimeto 1,360,000
50%
449 United States of America Buffalo 1,410,000
50%
277 Turkey Bursa 2,200,000
50%
375 Mexico Ciudad Juárez 1,640,000
50%
283 Benin Cotonou 2,150,000
50%
304 China Dàtóng 2,000,000
50%
482 Ukraine Dnipro 1,320,000
50%
146 Cameroon Douala 3,900,000
50%
176 Ecuador Guayaquil 3,350,000
50%
165 Pakistan Gujrānwāla 3,450,000
50%
368 United States of America Hartford 1,680,000
50%
324 China Huáinán 1,880,000
50%
206 China Hūhéhàotè 2,850,000
50%
383 China Jílín 1,610,000
50%
476 China Kāifēng 1,340,000
50%
158 India Kānpur 3,700,000
50%
280 Poland Katowice 2,175,000
50%
310 Japan Kitakyūshū 1,960,000
50%
455 Turkey Konya 1,390,000
50%
253 United States of America Las Vegas 2,375,000
50%
262 Mexico León 2,300,000
50%
239 China Liŭzhōu 2,500,000
50%
283 India Ludhiāna 2,150,000
50%
476 China Lúzhōu 1,340,000
50%
319 India Meerut 1,930,000
50%
423 United States of America Milwaukee 1,490,000
50%
249 Pakistan Multān 2,425,000
50%
337 Russia Novosibirsk 1,820,000
50%
280 Japan Okayama 2,175,000
50%
198 India Patna 2,950,000
50%
425 Congo (Rep.) Pointe-Noire 1,480,000
50%
429 Czech Republic Praha 1,470,000
50%
434 Iran Qom 1,450,000
50%
360 Pakistan Quetta 1,720,000
50%
333 United States of America Raleigh 1,830,000
50%
85 Russia Sankt-Peterburg 6,350,000
50%
351 Brazil Santos 1,760,000
50%
308 Iran Tabrīz 1,970,000
50%
230 China Táizhōu 2,625,000
50%
423 China Tàizhōu 1,490,000
50%
214 China Tángshān 2,750,000
50%
218 Mexico Toluca 2,725,000
50%
288 India Vārānasi 2,125,000
50%
243 India Visākhapatnam 2,475,000
50%
326 Brazil Vitória 1,870,000
50%
177 China Wéifāng 3,325,000
50%
331 China Wúhú 1,850,000
50%
270 China Xīníng 2,250,000
50%
221 China Xīnxiāng 2,700,000
50%
262 China Yángzhōu 2,300,000
50%
235 China Yāntái 2,550,000
50%
224 China Zhūhăi 2,675,000
50%
139 China Zībó 3,975,000
50%
412 Switzerland Zürich 1,520,000
50%
493 Nigeria Aba 1,280,000
38%
496 Morocco Agadir 1,270,000
38%
349 Philippines Angeles 1,780,000
38%
453 Turkey Antalya 1,400,000
38%
157 Azerbaijan Bakı 3,725,000
38%
277 China Bāotóu 2,200,000
38%
447 Angola Benguela 1,420,000
38%
173 India Bhilai 3,375,000
38%
443 Russia Čeljabinsk 1,430,000
38%
395 Thailand Chonburi 1,570,000
38%
188 India Coimbatore 3,075,000
38%
330 China Dàqìng 1,860,000
38%
283 China Gànzhōu 2,150,000
38%
353 Turkey Gaziantep 1,750,000
38%
333 China Guìlín 1,830,000
38%
390 India Gwalior 1,580,000
38%
378 Korea (South) Gwangju 1,630,000
38%
210 China Hăikŏu 2,800,000
38%
199 China Hándān 2,925,000
38%
395 China Hézé 1,570,000
38%
316 China Huái'ān 1,940,000
38%
353 China Húzhōu 1,750,000
38%
383 India Jabalpur 1,610,000
38%
338 Russia Jekaterinburg 1,810,000
38%
365 India Jodhpur 1,700,000
38%
306 Nigeria Kaduna 1,980,000
38%
489 Congo (Dem. Rep.) Kisangani 1,300,000
38%
380 India Kotā 1,620,000
38%
465 Russia Krasnodar 1,370,000
38%
496 Russia Krasnojarsk 1,270,000
38%
308 India Madurai 1,970,000
38%
351 Indonesia Malang 1,760,000
38%
402 Germany Mannheim 1,550,000
38%
425 Venezuela Maracay 1,480,000
38%
439 China Nánchōng 1,440,000
38%
249 India Nāshik 2,425,000
38%
380 Russia Nižnij Novgorod 1,620,000
38%
455 Great Britain Nottingham 1,390,000
38%
274 India Rājkot 2,225,000
38%
378 India Rānchi 1,630,000
38%
408 Brazil São Luís 1,530,000
38%
429 Great Britain Sheffield 1,470,000
38%
465 Kazakhstan Shymkent 1,370,000
38%
338 India Srīnagar 1,810,000
38%
493 United States of America Stockton 1,280,000
38%
398 China Tài'ān 1,560,000
38%
470 Taiwan (Rep. of China) Tainan 1,360,000
38%
247 India Vadodara 2,450,000
38%
256 India Vijayawāda 2,350,000
38%
372 United States of America Virginia Beach 1,650,000
38%
415 China Wēihăi 1,510,000
38%
236 China Yínchuān 2,525,000
38%
221 China Yìwū 2,700,000
38%
302 China Zūnyì 2,025,000
38%
310 China Ānyáng 1,960,000
25%
353 India Āsansol 1,750,000
25%
439 Indonesia Bandar Lampung 1,440,000
25%
304 China Bèngbù 2,000,000
25%
288 India Bhubaneswar 2,125,000
25%
463 Colombia Bucaramanga 1,380,000
25%
493 Bolivia Cochabamba 1,280,000
25%
425 India Dhanbād 1,480,000
25%
449 China Fùyáng 1,410,000
25%
486 Japan Hamamatsu 1,310,000
25%
470 United States of America Harrisburg 1,360,000
25%
333 India Jamshedpur 1,830,000
25%
267 China Jiāxīng 2,275,000
25%
388 China Jīnhuá 1,590,000
25%
324 China Jìníng 1,880,000
25%
465 Congo (Dem. Rep.) Kananga 1,370,000
25%
439 China Màomíng 1,440,000
25%
342 China Miányáng 1,800,000
25%
476 Tanzania Mwanza 1,340,000
25%
368 China Nányáng 1,680,000
25%
429 Great Britain Newcastle[upon Tyne 1,470,000
25%
294 China Píngdĭngshān 2,100,000
25%
359 China Qínhuángdăo 1,740,000
25%
353 Mexico Querétaro 1,750,000
25%
449 Mexico San Luis Potosí 1,410,000
25%
390 China Shàngráo 1,580,000
25%
367 Indonesia Surakarta 1,690,000
25%
439 Mexico Torreón 1,440,000
25%
482 Senegal Touba 1,320,000
25%
342 China Xiāngyáng 1,800,000
25%
365 China Xíngtái 1,700,000
25%
432 China Yánchéng 1,460,000
25%
486 China Yíbīn 1,310,000
25%
455 China Yíchāng 1,390,000
25%
395 China Yùlín 1,570,000
25%
322 China Zăozhuāng 1,900,000
25%
434 China Zhāngjiākŏu 1,450,000
25%
323 China Zhànjiāng 1,890,000
25%
434 India Alīgarh 1,450,000
13%
415 India Bareilly 1,510,000
13%
463 China Dázhōu 1,380,000
13%
492 China Dézhōu 1,290,000
13%
480 China Huáibĕi 1,330,000
13%
375 China Jiāozuò 1,640,000
13%
425 India Morādābād 1,480,000
13%
465 India Mysore 1,370,000
13%
390 India Prayagraj 1,580,000
13%
353 China Púyáng 1,750,000
13%
476 China Qīngyuăn 1,340,000
13%
480 Honduras San Pedro Sula 1,330,000
13%
353 China Shāngqiū 1,750,000
13%
482 India Tiruchirāppalli 1,320,000
13%
372 India Tiruppūr 1,650,000
13%
455 China Xŭchāng 1,390,000
13%
434 Vietnam Hải Phòng 1,450,000
0%
182 China Jiāngyīn 3,200,000
0%
199 Cambodia Phnum Pénh 2,925,000
0%
No matching quizzes found
Score Distribution
Percent of People with Each Score
Percentile by Number Answered
Your Score History
You have not taken this quiz since the last reset